00506nam a2200181Ia 4500003000400000005001700004008004100021040001800062041000800080082002000088100002200108245005400130250001200184260004400196300002000240650003900260650002500299OSt20220714152409.0210716s2000 xx 000 0 und d cAIMIT LIBRARY aeng a513.2 21bDEVS aDevi, Shakuntala. aFiguring: bjoy of numbers /cBy Shakuntala Devi. a1st ed. aNew Delhi :bOrient Paperbacks ,c2000. a157p. ;c18 cm. aPercentages discounts and interest aCubes and cube roots